Kehidupan Unik Seorang Sasterawan (Datuk A. Samad Said) (Record no. 78918)

MARC details
000 -LEADER
fixed length control field 00688nam a2200229 i 4500
001 - CONTROL NUMBER
control field C2-0270377
003 - CONTROL NUMBER IDENTIFIER
control field PPAK
005 - DATE AND TIME OF LATEST TRANSACTION
control field 20180728000750.0
008 - FIXED-LENGTH DATA ELEMENTS--GENERAL INFORMATION
fixed length control field 060809s2005 xx |||| ||||| | may d
040 ## - CATALOGING SOURCE
Original cataloging agency PPAK
Language of cataloging eng
Transcribing agency PPAK
Description conventions rda
082 04 - DEWEY DECIMAL CLASSIFICATION NUMBER
Classification number 928.9923
Edition number 23
090 00 - LOCALLY ASSIGNED LC-TYPE CALL NUMBER (OCLC); LOCAL CALL NUMBER (RLIN)
Classification number (OCLC) (R) ; Classification number, CALL (RLIN) (NR) 928.9923
Feature heading WAN
Feature heading KK
100 0# - MAIN ENTRY--PERSONAL NAME
Personal name Wan Mohd Hafiz Wan Hamzah,
Relator term author
245 10 - TITLE STATEMENT
Title Kehidupan Unik Seorang Sasterawan (Datuk A. Samad Said)
264 #1 - PRODUCTION, PUBLICATION, DISTRIBUTION, MANUFACTURE, AND COPYRIGHT NOTICE
Place of production, publication, distribution, manufacture Alor Setar, Kedah :
Name of producer, publisher, distributor, manufacturer Perbadanan Perpustakaan Awam Kedah ,
Date of production, publication, distribution, manufacture, or copyright notice 2005
300 ## - PHYSICAL DESCRIPTION
Extent 6 pages ;
Dimensions 30 cm
336 ## - CONTENT TYPE
Source rdacontent
Content type term text
337 ## - MEDIA TYPE
Source rdamedia
Media type term unmediated
338 ## - CARRIER TYPE
Source rdacarrier
Carrier type term volume
650 10 - SUBJECT ADDED ENTRY--TOPICAL TERM
Topical term or geographic name entry element Authors, Malay - Biography.
942 ## - ADDED ENTRY ELEMENTS (KOHA)
-- dc
Koha item type Book
Holdings
Withdrawn Not for loan Current library Shelving location Date acquired Full call number Barcode Date last seen Koha item type Public note
  Not For Loan Perpustakaan Alor Setar Koleksi Kedah 25/03/2006 KK 928.9923 WAN A00157992 09/05/2018 Articles Artikel Pilihan
  Not For Loan Perpustakaan Alor Setar Koleksi Kedah 25/03/2006 KK 928.9923 WAN A00157989 09/05/2018 Articles Artikel Pilihan